Score 0/15 Timer 02:00
3 Plays Today
Question Answer Wrong Answers
Took two years off to play professional baseball Michael Jordan
90.9%
Magic Johnson
2.9%
Larry Bird
2.2%
Won six NBA championships in the 1990s Michael Jordan
90.8%
Magic Johnson
3.3%
Larry Bird
2.2%
Played college basketball at the University of North Carolina Michael Jordan
87.6%
Magic Johnson
4.8%
Larry Bird
3.7%
Part owner of the Charlotte Hornets Michael Jordan
87.6%
Magic Johnson
4%
Larry Bird
4.7%
Spent three seasons as head coach of the Pacers Larry Bird
86.6%
Michael Jordan
2.9%
Magic Johnson
6.8%
Grew up in French Lick, Indiana Larry Bird
85.6%
Michael Jordan
3.5%
Magic Johnson
7.2%
Played college basketball at Indiana State University Larry Bird
84.5%
Michael Jordan
4.1%
Magic Johnson
7.4%
Primary position was shooting guard Michael Jordan
82.9%
Magic Johnson
6.8%
Larry Bird
6.5%
Primary position was point guard Magic Johnson
82.5%
Michael Jordan
8.3%
Larry Bird
5.5%
Co-owner of the Los Angeles Dodgers Magic Johnson
82.2%
Michael Jordan
7.2%
Larry Bird
6.8%
Primary position was small forward Larry Bird
79.8%
Michael Jordan
9.2%
Magic Johnson
7.3%
Played college basketball at Michigan State Magic Johnson
79.1%
Michael Jordan
6.3%
Larry Bird
10.7%
Won NBA championships in 1981, 1984, and 1986 Larry Bird
70%
Michael Jordan
6.9%
Magic Johnson
19.3%
Won 5 NBA championships in the 1980s Magic Johnson
68.8%
Michael Jordan
10.3%
Larry Bird
17.2%
NBA MVP in 1987, 1989, and 1990 Magic Johnson
53.7%
Michael Jordan
25.7%
Larry Bird
17.1%

Today's Daily Dose

Word Ladder
Athletics

Remove Ads.
Support Sporcle.
Get the best of Sporcle when you Go Orange. This ad-free experience offers more features, more stats, and more fun while also helping to support Sporcle. Thank you for becoming a member.

You're not logged in!

Compare scores with friends on all Sporcle quizzes.
OR
Log In

Show Comments

Extras

Top Quizzes Today


Score Distribution

Your Account Isn't Verified!

In order to create a playlist on Sporcle, you need to verify the email address you used during registration. Go to your Sporcle Settings to finish the process.

Report this User

Report this user for behavior that violates our Community Guidelines.

Details: